ბათუმის შოთა რუსთაველის სახელმწიფო უნივერსიტეტის ბიბლიოთეკა

ლექსის ენა და თარგმანი (ბიბ.ჩანაწერი № 34752)

000 -LEADER
fixed length control field 00735nam a2200229Ia 4500
001 - CONTROL NUMBER
control field 550
003 - CONTROL NUMBER IDENTIFIER
control field GE_BSU
008 - FIXED-LENGTH DATA ELEMENTS--GENERAL INFORMATION
fixed length control field 181216s||||||||xx |||||||||||||| ||und||
040 ## - CATALOGING SOURCE
Transcribing agency GE_BSU
080 ## - UNIVERSAL DECIMAL CLASSIFICATION NUMBER
Universal Decimal Classification number 811.353.1-26+81'25
100 ## - MAIN ENTRY--PERSONAL NAME
Personal name ვერძაძე, ნური
245 ## - TITLE STATEMENT
Title ლექსის ენა და თარგმანი
245 ## - TITLE STATEMENT
Statement of responsibility, etc. რედ.: ო. ბაქანიძე
260 ## - PUBLICATION, DISTRIBUTION, ETC.
Place of publication, distribution, etc. თბილისი
260 ## - PUBLICATION, DISTRIBUTION, ETC.
Name of publisher, distributor, etc. თბილ. უნ-ტის გამ-ბა,
260 ## - PUBLICATION, DISTRIBUTION, ETC.
Date of publication, distribution, etc. 1989
300 ## - PHYSICAL DESCRIPTION
Extent 164გვ.
653 ## - INDEX TERM--UNCONTROLLED
Uncontrolled term მხატვრული თარგმანი
653 ## - INDEX TERM--UNCONTROLLED
Uncontrolled term ქართული ლიტერატურული ენა
942 ## - ADDED ENTRY ELEMENTS (KOHA)
Koha item type წიგნი
ეგზემპლარები
Withdrawn status Lost status Damaged status Not for loan Date acquired Barcode Date last seen Price effective from Koha item type
        2018-12-17 927 2018-12-17 2018-12-17 წიგნი